Max Kahlke
שמור ב:
| Main Authors: | , , , |
|---|---|
| פורמט: | ספר |
| שפה: | גרמנית |
| יצא לאור: |
Hamburgo
Ernst Michael Winter
1981
|
| מהדורה: | 1a. ed |
| נושאים: | |
| תגים: |
הוספת תג
אין תגיות, היה/י הראשונ/ה לתייג את הרשומה!
|
MARC
| LEADER | 00000cam a2200000 a 4500 | ||
|---|---|---|---|
| 001 | UCF9736 | ||
| 003 | CL-VaPUC | ||
| 008 | 131213e19810000gw |||||||||||||||||ger|d | ||
| 082 | 0 | 4 | |a 759.43515 |b MAC |2 21 |
| 100 | |a Mack, Ulrich |e autor |9 572125 | ||
| 700 | 0 | |a Lehmann, Otto |e author |9 572126 | |
| 700 | 0 | |a Winter, Ernst Michael |e author |9 572127 | |
| 700 | 0 | |a Dittmann, Walter |e author |9 572128 | |
| 245 | 1 | 0 | |a Max Kahlke |
| 250 | |a 1a. ed | ||
| 300 | |a 68 p | ||
| 942 | |c BK | ||
| 945 | |d 20131213 11:12:00 |a dcastane | ||
| 260 | |a Hamburgo |b Ernst Michael Winter |c 1981 | ||
| 650 | 7 | |a PINTURA ALEMANA |2 CL-VaPUC |9 319202 | |
| 650 | 7 | |a PINTORES ALEMANES |2 CL-VaPUC |9 341248 | |
| 650 | 0 | |a Biografías |9 255210 | |
| 583 | |a last modification |c 20131213 11:12:00 |k Rodrigo Vera | ||
| 999 | |c 354147 |d 354145 | ||
| 952 | |0 0 |1 0 |3 erd |4 0 |6 759_435150000000000_MAC_1981 |7 0 |8 R |9 459807 |a BIBART |b BIBART |i 5003180 |o 759.43515 MAC 1981 |p 5003180 |r 2025-03-13 |w 2019-11-23 |y BK_R |z Catalogado en:20131213 |k ART | ||